[Event "Santiago CALF op"]
[Site "Santiago de Chile"]
[Date "2004.06.05"]
[Round "7"]
[White "Gonzalez, Humberto"]
[Black "Cabezas Cantillana, Marco"]
[Result "1-0"]
[WhiteElo "2042"]
[BlackElo "1819"]
[PlyCount "76"]
[EventDate "2004.06.21"]
[EventType "swiss"]
[EventRounds "9"]
[EventCountry "CHI"]
[SourceTitle "EXT 2005"]
[Source "ChessBase"]
[SourceDate "2004.11.15"]
[SourceVersion "1"]
[SourceVersionDate "2004.11.15"]
[SourceQuality "1"]

1. e4 d6 2. d4 e5 3. dxe5 dxe5 4. Qxd8+ Kxd8 5. Nf3 f6 6. Be3 Nc6 7. a3 Bd6 8. Nc3 a6 9. Bc4 Bg4 10. Nd2 Nge7 11. f3 Bd7 12. Nd5 f5 13. 0-0-0 f4 14. Bf2 Na5 15. Ba2 b5 16. Nb3 Nb7 17. Nd2 Nxd5 18. exd5 h6 19. Ne4 Ke7 20. c4 bxc4 21. Bxc4 Na5 22. Ba2 Rab8 23. b4 Nb7 24. Bc5 a5 25. Rd3 Rhc8 26. Kc2 axb4 27. axb4 Ra8 28. Bb3 Bf5 29. Rc3 c6 30. Rd1 Ra6 31. dxc6 Bxc5 32. cxb7 Rb8 33. Rxc5 Bxe4+ 34. fxe4 Kf6 35. Rd7 Rb6 36. Rf7+ Kg6 37. Rcc7 Rxb4 38. Rxg7+ Kh5 1-0

[Event "Honor Club Chile op"]
[Site "Santiago de Chile"]
[Date "2004.05.06"]
[Round "6"]
[White "Concha Munoz, Claudia"]
[Black "Cabezas Cantillana, Marco"]
[Result "0-1"]
[WhiteElo "1920"]
[BlackElo "1819"]
[PlyCount "62"]
[EventDate "2004.04.26"]
[EventType "swiss"]
[EventRounds "7"]
[EventCountry "CHI"]
[SourceTitle "EXT 2005"]
[Source "ChessBase"]
[SourceDate "2004.11.15"]
[SourceVersion "1"]
[SourceVersionDate "2004.11.15"]
[SourceQuality "1"]

1. c4 Nf6 2. Nf3 g6 3. g3 Bg7 4. Bg2 0-0 5. 0-0 d6 6. d4 Re8 7. Nc3 c6 8. b3 Nbd7 9. Bb2 d5 10. e3 e5 11. dxe5 Nxe5 12. Nxe5 Rxe5 13. cxd5 Nxd5 14. Nxd5 Rxd5 15. Bxd5 cxd5 16. Bxg7 Kxg7 17. Qd4+ f6 18. e4 Bg4 19. exd5 Bf3 20. h3 Qxd5 21. Qxd5 Bxd5 22. Rac1 Bc6 23. Rfe1 Kf7 24. Kh2 Rd8 25. a4 Rd2 26. Kg1 Rb2 27. Re3 g5 28. Rce1 Kg6 29. Rc1 Bd5 30. Rc5 Rb1+ 31. Kh2 Rh1# 0-1

[Event "La Florida CALF op"]
[Site "La Florida"]
[Date "2003.10.01"]
[Round "1.12"]
[White "Mardones Moncada, Marcelo"]
[Black "Cabezas Cantillana, Marco"]
[Result "0-1"]
[WhiteElo "1993"]
[BlackElo "1736"]
[PlyCount "84"]
[EventDate "2003.09.27"]
[EventType "swiss"]
[EventRounds "6"]
[EventCountry "CHI"]
[SourceTitle "CBM 097 Extra"]
[Source "ChessBase"]
[SourceDate "2004.01.13"]
[SourceVersion "1"]
[SourceVersionDate "2004.01.13"]
[SourceQuality "1"]

1. e4 d6 2. d4 e5 3. Nf3 Nc6 4. Bb5 exd4 5. Nxd4 Bd7 6. Nc3 Ne5 7. Bxd7+ Qxd7 8. f4 Nc6 9. Nxc6 Qxc6 10. Qd5 Qxd5 11. Nxd5 Kd7 12. 0-0 Ne7 13. Nxe7 Bxe7 14. e5 dxe5 15. fxe5 Ke6 16. Re1 Rad8 17. Bf4 Rd5 18. Rad1 Rhd8 19. Rxd5 Rxd5 20. Kf2 g5 21. Bg3 Rd2+ 22. Re2 Bc5+ 23. Ke1 Rxe2+ 24. Kxe2 Bd4 25. h4 g4 26. c3 Bxe5 27. Bxe5 Kxe5 28. Ke3 h5 29. g3 c6 30. c4 b6 31. a4 c5 32. Kd3 a5 33. Ke3 f6 34. Kd3 Kf5 35. Ke3 Ke5 36. Kd3 f5 37. Ke3 f4+ 38. gxf4+ Kf5 39. b3 g3 40. Kf3 g2 41. Kxg2 Kxf4 42. Kh3 Kf3 0-1

[Event "Santiago Universidad Catolica"]
[Site "Santiago de Chile"]
[Date "2003.09.05"]
[Round "1.1"]
[White "Stawizsinski, Rodrigo"]
[Black "Cabezas Cantillana, Marco"]
[Result "0-1"]
[WhiteElo "2170"]
[BlackElo "1736"]
[PlyCount "44"]
[EventDate "2003.09.05"]
[EventType "team"]
[EventRounds "1"]
[EventCountry "CHI"]
[SourceTitle "CBM 096 Extra"]
[Source "ChessBase"]
[SourceDate "2003.10.22"]
[SourceVersion "2"]
[SourceVersionDate "2003.10.20"]
[SourceQuality "1"]

1. e4 d6 2. d4 Nf6 3. Nc3 g6 4. Be3 Bg7 5. f3 e5 6. Nge2 Nc6 7. Qd2 exd4 8. Nxd4 Nxd4 9. Bxd4 0-0 10. 0-0-0 a5 11. g4 h5 12. h3 Kh7 13. Be3 Re8 14. Bg5 Bd7 15. Qf4 a4 16. gxh5 Nxh5 17. Bxd8 Nxf4 18. Bxc7 a3 19. Bxd6 axb2+ 20. Kxb2 Rec8 21. Bxf4 Bxc3+ 22. Kb3 Ba4+ 0-1